| 000 | 00789nam a2200205Ii 4500 | ||
|---|---|---|---|
| 001 | 13193 | ||
| 003 | CO-ViMGA | ||
| 008 | 241108s9999||||xx |||||||||||||| ||und|| | ||
| 040 |
_aCO-ViMGA _bspa _erda _cCO-ViMGA |
||
| 041 | 0 | _aspa | |
| 082 | 0 | 4 | _aF.FC 630.986 - C67f |
| 110 | 1 |
_aCorporación Colombiana de Investigación Agropecuaria CORPOICA _9527 |
|
| 245 | 1 | 0 |
_aFrutos de la investigación CORPOICA cinco años: _bCompendio de productos y procesos de investigación y desarrollo tecnológico |
| 264 | 1 | _aBogotá, Colombia : Corporación Colombiana de Investigación Agropecuaria CORPOICA, 1998 | |
| 300 | _avolumen | ||
| 336 |
_atext _btxt _2rdacontent |
||
| 337 |
_aunmediated _bn _2rdamedia |
||
| 338 |
_avolume _bnc _2rdacarrier |
||
| 940 | _aidficha_siabuc: 12895. -- ficha_no_siabuc:13193 | ||
| 999 |
_c48314 _d48314 |
||